| 000 | 00841nam a2200265Ia 4500 | ||
|---|---|---|---|
| 003 | OSt | ||
| 005 | 20220926010046.0 | ||
| 006 | a|||||r|||| 00| 0 | ||
| 007 | ta | ||
| 008 | 220923b |||||||| |||| 00| 0 eng d | ||
| 020 |
_a9789350353691 _c318.75 |
||
| 037 |
_bRKBA\09-10\5433, 24/02/2015, RAJKIRAN BOOK AGENCY _cGeneral Book |
||
| 040 |
_aRTL _cRTL _beng |
||
| 041 |
_2eng _aeng |
||
| 082 | _aX:9561:(Z), Q3 | ||
| 100 |
_aKUMAR H L _9126466 |
||
| 245 | 0 | _aLaw relating to resignation and VRS. | |
| 250 | _a3rd | ||
| 260 |
_a New Delhi _bUniversity Law Publishing _c2013 |
||
| 300 |
_axxx,297p _ccm. |
||
| 500 | _aGlossary: p 439-43; Appendix: p 361-66 | ||
| 650 | _aCommerce | ||
| 942 |
_hX:9561:(Z), Q3 _cGB _2CC |
||
| 999 |
_c616313 _d616313 |
||